00283nam a2200121Ia 4500008004100000041000900041082001700050100001600067245002400083260003800107300000800145650000800153230718s9999 xx 000 0 und d aEng. a34240bMAS-A aMassey, I.P 0aAdministrative law  aPakistanbEastern book bookc2005 a534 aLaw